| 000 | 00710nam a2200229 a 4500 | ||
|---|---|---|---|
| 005 | 20230209063844.0 | ||
| 008 | 031001s2001 es r 000 0 spa d | ||
| 020 | _a8449310105 | ||
| 035 | _aUPN01000129425 | ||
| 049 | _aCG | ||
| 050 | 4 |
_aHD57.7 _bB4.4 |
|
| 100 | 1 |
_aBennis, Warren G., _d1925-2014 _943104 |
|
| 245 | 1 | 0 |
_aLíderes : _bestrategias para un liderazgo eficaz / _cWarren Bennis y Burt Nanus ; tr. Marco Aurelio Galmarini. |
| 260 |
_aBarcelona, Esp. : _bPaidós, _c2001. |
||
| 300 | _a251 p. | ||
| 440 | 0 |
_aPaidós plural ; _v17 |
|
| 534 |
_pTraducción de: _tLeaders |
||
| 650 | 4 |
_aLiderazgo _95345 |
|
| 650 | 4 |
_aHABILIDAD EJECUTIVA _97047 |
|
| 700 | 1 |
_aNanus, Burt, _ecoaut. |
|
| 905 | _aLibro | ||
| 999 |
_c101597 _d101597 |
||